Darts PDC Fans' Player of the Year - Statistiken

Allgemein
  • Dieses Quiz wurde 533 mal gespielt
    326 seit der letzten Aktualisierung
  • Das Durchschnittsergebnis liegt bei 18 aus 18
Antwortstatistiken
Jahr Nationalität Spieler % Korrekt
2012 Niederlande Michael van Gerwen
100%
2013 Niederlande Michael van Gerwen
100%
2016 Niederlande Michael van Gerwen
100%
2014 Schottland Gary Anderson
99%
2015 Schottland Gary Anderson
99%
2018 Schottland Gary Anderson
99%
2022 England Michael Smith
99%
2019 Schottland Peter Wright
99%
2007 England Phil Taylor
99%
2008 England Phil Taylor
99%
2009 England Phil Taylor
99%
2010 England Phil Taylor
99%
2011 England Phil Taylor
99%
2020 Wales Gerwyn Price
98%
2023 England Luke Humphries
98%
2006 Niederlande Raymond van Barneveld
96%
2021 Wales Jonny Clayton
94%
2017 England Rob Cross
84%
Keine übereinstimmenden Quizze gefunden
Verteilung der Resultate
Anzahl Personen mit jedem Resultat
Perzentil nach korrekt beantworteten Fragen
Ihre Resultats-Entwicklung
Sie haben dieses Quiz seit der letzten Aktualisierung nicht gespielt